000 00722nam a2200241Ia 4500
003 OSt
005 20221007110147.0
006 a|||||r|||| 00| 0
007 ta
008 221006b |||||||| |||| 00| 0 eng d
024 _a20,508
037 _cTextual
040 _aLCO
_cLCO
_beng
041 _2eng
_aeng
082 _aZ1,7,16, L5
100 _aCherian Joy
_9688197
245 0 _aInvestment Contracts and Arbitration
_b The World Bank Convention on the Settlement of Investment Disputes
260 _aLeyden
_bA.W.Sijthoff Netherland
_c1975
300 _a198
650 _aCONTRACTS AND ARBITRATION
_9707164
942 _hZ1,7,16, L5
_cTEXL
999 _c1190071
_d1190071